Rhetorical Devices - AP Language Quiz Stats

Quiz not verified by Sporcle

Challenge
Share
Tweet
Embed
Score 0/75 Timer 20:00
0 Plays Today
% Correct
hyperbole
69.9%
rhetorical question
69.2%
personification
68.6%
logos
67.3%
pathos
58.3%
tone
57.7%
anecdote
57.1%
alliteration
55.8%
bandwagon
55.8%
allusion
54.5%
imagery
51.9%
epitaph
50.6%
claim
50.6%
appeal to tradition
47.4%
parody
46.8%
appeal to pity
44.9%
pun
42.3%
cacophony
42.3%
ethos
41.7%
motif
41.7%
cliche
41.7%
assonance
40.4%
jargon
40.4%
juxtaposition
40.4%
denotation
40.4%
anaphora
39.7%
hasty generalization
39.1%
paradox
37.8%
euphemism
37.8%
deductive reasoning
37.8%
understatement
37.2%
sarcasm
37.2%
in medias res
35.9%
situational irony
35.3%
rhetoric
34%
polysyndeton
34%
extended metaphor
32.7%
red herring
31.4%
% Correct
asyndeton
31.4%
analogy
30.8%
connotation
30.1%
epigraph
30.1%
anachronism
30.1%
apostrophe
29.5%
satire
28.8%
inductive reasoning
28.8%
cataloging
27.6%
periodic sentence
27.6%
faulty analogy
27.6%
parable
27.6%
consonance
26.3%
synechdoche
26.3%
persona
26.3%
post hoc or false cause
25.6%
euphony
25%
straw man
24.4%
circular reasoning
22.4%
paean
22.4%
warrant
22.4%
idiom
21.8%
eponym
21.8%
parallel structure
21.2%
poisoning the well
21.2%
invective
20.5%
metonomy
19.2%
zeugma
19.2%
conundrum
18.6%
chiasmus
17.9%
equivocation
16.7%
parenthetical expression
14.7%
litotes
14.7%
tropes
14.1%
slippery slope
13.5%
antithesis
12.8%
schemes
10.9%

You're not logged in!

Compare scores with friends on all Sporcle quizzes.
Join for Free
OR
Log In

You Might Also Like...

Show Comments

Extras

Top Quizzes Today


Score Distribution

Your Account Isn't Verified!

In order to create a playlist on Sporcle, you need to verify the email address you used during registration. Go to your Sporcle Settings to finish the process.

Report this User

Report this user for behavior that violates our Community Guidelines.

Details: